00293nam a2200121Ia 4500008004100000041000800041082001600049100002400065245001800089260003400107300002500141365000500166240624s9999 xx 000 0 und d aeng a303.48 NEG  aNEGROPONTE NICHOLAS aBEING DIGITAL c1995aNew YorkbVintage Books aviii, 255 p.; 23 cm. c